[Event "GER-ch Net qual3 U25"]
[Site "Playchess.com INT"]
[Date "2012.09.08"]
[Round "7"]
[White "Donchenko, Alexander"]
[Black "Huebben, Dominik"]
[Result "1-0"]
[WhiteElo "2294"]
[BlackElo "1835"]
[PlyCount "61"]
[EventDate "2012.09.08"]
[EventType "swiss (blitz)"]
[EventRounds "7"]
[EventCountry "GER"]
[SourceTitle "CBM 150 Extra"]
[Source "ChessBase"]
[SourceDate "2012.10.19"]
[SourceVersion "1"]
[SourceVersionDate "2012.10.19"]
[SourceQuality "1"]

1. c4 d5 2. cxd5 Nf6 3. e4 c6 4. dxc6 Nxc6 5. Nc3 e5 6. Nf3 Bc5 7. Bc4 Bg4 8. 0-0 0-0 9. h3 Bh5 10. Be2 Nb4 11. a3 Nd3 12. b4 Bb6 13. Ne1 Nxc1 14. Rxc1 Bg6 15. d3 Rc8 16. Na4 Bd4 17. Nc2 b5 18. Nxd4 Qxd4 19. Rxc8 Rxc8 20. Nc5 a5 21. Qa1 Qd6 22. Nb7 Qb6 23. Nxa5 Nd7 24. Rc1 Rxc1+ 25. Qxc1 h6 26. Qc8+ Nf8 27. Nc6 f6 28. Ne7+ Kf7 29. Nxg6 Nxg6 30. Bh5 Qe6 31. Bxg6+ 1-0

[Event "GER-ch Net qual3 U25"]
[Site "Playchess.com INT"]
[Date "2012.09.08"]
[Round "1"]
[White "Huebben, Dominik"]
[Black "Fuchs, Judith"]
[Result "0-1"]
[WhiteElo "1835"]
[BlackElo "2231"]
[PlyCount "68"]
[EventDate "2012.09.08"]
[EventType "swiss (blitz)"]
[EventRounds "7"]
[EventCountry "GER"]
[SourceTitle "CBM 150 Extra"]
[Source "ChessBase"]
[SourceDate "2012.10.19"]
[SourceVersion "1"]
[SourceVersionDate "2012.10.19"]
[SourceQuality "1"]

1. e4 c6 2. d4 d5 3. exd5 cxd5 4. Bd3 Nc6 5. c3 Qc7 6. Nf3 Bg4 7. Nbd2 e6 8. Nf1 Bd6 9. Ng3 Nf6 10. h3 Bxf3 11. Qxf3 0-0-0 12. Nh5 Nxh5 13. Qxh5 g6 14. Qf3 h5 15. Bg5 Rde8 16. Bf6 Rhg8 17. 0-0 Be7 18. Rfe1 Bxf6 19. Qxf6 Qe7 20. Qxe7 Rxe7 21. f4 h4 22. Kf2 Kd7 23. Re2 f5 24. Rae1 g5 25. g3 gxf4 26. gxf4 Rg3 27. Re3 Reg7 28. Rxe6 Rxd3 29. Rh6 Rxh3 30. Ree6 Rh2+ 31. Kf1 h3 32. Rd6+ Kc7 33. Rxd5 Rgg2 34. Rxf5 Rh1# 0-1

[Event "GER-ch Net qual2 U25"]
[Site "Playchess.com INT"]
[Date "2012.09.05"]
[Round "2"]
[White "Hoolt, Sarah"]
[Black "Huebben, Dominik"]
[Result "1-0"]
[WhiteElo "2254"]
[BlackElo "1835"]
[PlyCount "79"]
[EventDate "2012.09.05"]
[EventType "swiss (blitz)"]
[EventRounds "7"]
[EventCountry "GER"]
[SourceTitle "CBM 150 Extra"]
[Source "ChessBase"]
[SourceDate "2012.10.19"]
[SourceVersion "1"]
[SourceVersionDate "2012.10.19"]
[SourceQuality "1"]

1. e4 d5 2. exd5 Nf6 3. Nc3 Nxd5 4. Bc4 Nb6 5. Bb3 Nc6 6. Nf3 Bf5 7. 0-0 e6 8. d4 Be7 9. d5 exd5 10. Nxd5 Nxd5 11. Bxd5 Nb4 12. Bxb7 Qxd1 13. Rxd1 Rb8 14. Nd4 Rxb7 15. Nxf5 Nxc2 16. Rb1 Na3 17. Nxg7+ Kf8 18. Bh6 Nxb1 19. Rxb1 Rb6 20. Nf5+ Ke8 21. Re1 Re6 22. Ng7+ Kd7 23. Nxe6 fxe6 24. Rd1+ Bd6 25. Kf1 Rb8 26. b3 Ke7 27. Bg5+ Kf7 28. h3 Rb5 29. Be3 a6 30. Rd4 Ra5 31. a4 Re5 32. Bf4 Rd5 33. Rxd5 exd5 34. Bxd6 cxd6 35. b4 Ke6 36. Ke2 d4 37. Kd3 Kd5 38. g4 h6 39. f4 Kc6 40. Kxd4 1-0

[Event "GER-ch Net qual2 U25"]
[Site "Playchess.com INT"]
[Date "2012.09.05"]
[Round "5"]
[White "Huebben, Dominik"]
[Black "Hoefelsauer, Thomas"]
[Result "0-1"]
[WhiteElo "1835"]
[BlackElo "2260"]
[PlyCount "28"]
[EventDate "2012.09.05"]
[EventType "swiss (blitz)"]
[EventRounds "7"]
[EventCountry "GER"]
[SourceTitle "CBM 150 Extra"]
[Source "ChessBase"]
[SourceDate "2012.10.19"]
[SourceVersion "1"]
[SourceVersionDate "2012.10.19"]
[SourceQuality "1"]

1. e4 g6 2. d4 Bg7 3. c4 c5 4. Be3 Nc6 5. Ne2 d6 6. Nbc3 Nf6 7. dxc5 Qa5 8. cxd6 Nxe4 9. dxe7 Be6 10. Qc2 Nc5 11. Rd1 Nb4 12. Qb1 Bf5 13. Bxc5 Bxb1 14. Nb5 Nc2# 0-1

[Event "Cologne Longerich op 09th"]
[Site "Cologne"]
[Date "2012.08.03"]
[Round "1"]
[White "Fieberg, Samuel"]
[Black "Huebben, Dominik"]
[Result "1/2-1/2"]
[WhiteElo "1745"]
[BlackElo "1854"]
[PlyCount "66"]
[EventDate "2012.08.03"]
[EventType "tourn"]
[EventRounds "5"]
[EventCountry "GER"]
[SourceTitle "EXT 2017"]
[Source "ChessBase"]
[SourceDate "2016.10.25"]
[SourceVersion "1"]
[SourceVersionDate "2016.10.25"]
[SourceQuality "1"]

1. e4 d6 2. d4 Nf6 3. Nc3 g6 4. Nf3 Bg7 5. Be2 0-0 6. 0-0 Bg4 7. h3 Bxf3 8. Bxf3 e5 9. dxe5 dxe5 10. Be3 Qe7 11. Qe2 c6 12. Qc4 b5 13. Bc5 Qb7 14. Qb3 Rd8 15. Rfd1 Na6 16. Be3 Nc7 17. Na4 Ne6 18. Nc5 Nxc5 19. Bxc5 Bf8 20. Qe3 Bxc5 21. Qxc5 Qc7 22. a4 Rxd1+ 23. Rxd1 Ne8 24. axb5 cxb5 25. Qxb5 Rb8 26. Qa4 Nd6 27. b3 Nb5 28. Qc4 Qxc4 29. bxc4 Nd4 30. Ra1 Rb7 31. Bd1 Rc7 32. c3 Ne6 33. Be2 Kf8 1/2-1/2

[Event "Dortmund Sparkassen op-A"]
[Site "Dortmund"]
[Date "2012.07.20"]
[Round "7"]
[White "Huebben, Dominik"]
[Black "Geyler, Stefan"]
[Result "1-0"]
[WhiteElo "1836"]
[BlackElo "1935"]
[PlyCount "94"]
[EventDate "2012.07.14"]
[EventType "swiss"]
[EventRounds "9"]
[EventCountry "GER"]
[SourceTitle "CBM 149 Extra"]
[Source "ChessBase"]
[SourceDate "2012.08.24"]
[SourceVersion "1"]
[SourceVersionDate "2012.08.24"]
[SourceQuality "1"]

1. e4 c5 2. c3 Nf6 3. e5 Nd5 4. d4 cxd4 5. cxd4 e6 6. Nf3 d6 7. Bc4 Nc6 8. 0-0 Be7 9. Qe2 0-0 10. Nc3 Nxc3 11. bxc3 Qc7 12. Bd3 dxe5 13. dxe5 f5 14. exf6 Bxf6 15. Ng5 g6 16. Nxe6 Bxe6 17. Qxe6+ Kg7 18. Qh3 Rfe8 19. Bh6+ Kg8 20. Rad1 Bg7 21. Bc4+ Kh8 22. Rd7 Qxd7 23. Qxd7 Bxh6 24. Qxb7 Na5 25. Qd5 Nxc4 26. Qxc4 Bg7 27. Qb3 Rad8 28. Qc2 Rd7 29. g3 Red8 30. Re1 Bh6 31. Re2 Rc7 32. c4 Rdc8 33. Re4 Bg7 34. Qb3 Bf6 35. f4 Bg7 36. Qb5 Rc6 37. Qxc6 Rxc6 38. Re8+ Bf8 39. Rxf8+ Kg7 40. Rd8 Ra6 41. Rd2 Kf6 42. Kf2 Ke6 43. Ke3 Ra3+ 44. Kd4 Kd6 45. c5+ Kc6 46. Rc2 Ra4+ 47. Ke5 Ra5 1-0

[Event "Maastricht Limburg op-B 6th"]
[Site "Maastricht"]
[Date "2012.05.28"]
[Round "6"]
[White "Billot, Daniel"]
[Black "Huebben, Dominik"]
[Result "0-1"]
[WhiteElo "1711"]
[BlackElo "1820"]
[PlyCount "34"]
[EventDate "2012.05.25"]
[EventType "swiss"]
[EventRounds "7"]
[EventCountry "NED"]
[SourceTitle "EXT 2013"]
[Source "ChessBase"]
[SourceDate "2012.11.22"]
[SourceVersion "1"]
[SourceVersionDate "2012.11.22"]
[SourceQuality "1"]

1. e4 e6 2. d4 d5 3. e5 c5 4. c3 Nc6 5. Nf3 Bd7 6. Bd3 Qb6 7. dxc5 Bxc5 8. 0-0 f6 9. Qe2 0-0-0 10. b4 Be7 11. b5 Nxe5 12. Nxe5 fxe5 13. Qxe5 Bf6 14. Qe2 e5 15. c4 e4 16. c5 exd3 17. cxb6 dxe2 0-1

[Event "Dortmund Sparkassen op-B"]
[Site "Dortmund"]
[Date "2011.07.31"]
[Round "9"]
[White "Seref, Serkan"]
[Black "Huebben, Dominik"]
[Result "1-0"]
[WhiteElo "1578"]
[BlackElo "1768"]
[PlyCount "129"]
[EventDate "2011.07.23"]
[EventType "swiss"]
[EventRounds "9"]
[EventCountry "GER"]
[SourceTitle "EXT 2013"]
[Source "ChessBase"]
[SourceDate "2012.11.22"]
[SourceVersion "1"]
[SourceVersionDate "2012.11.22"]
[SourceQuality "1"]

1. d4 Nf6 2. Nf3 e6 3. Bg5 d5 4. Nbd2 Be7 5. e3 b6 6. Bd3 Bb7 7. c4 0-0 8. 0-0 h6 9. Bxf6 Bxf6 10. cxd5 Bxd5 11. Be4 Bxe4 12. Nxe4 Nd7 13. Nxf6+ Qxf6 14. Qa4 Qe7 15. Qc6 Rac8 16. Rac1 Nf6 17. Qb7 Nd5 18. e4 c6 19. Qxe7 Nxe7 20. Rc2 Rc7 21. Rfc1 Rfc8 22. b4 Kf8 23. Kf1 f6 24. Ke2 Ng6 25. g3 Ke7 26. Ke3 Kd6 27. Nd2 e5 28. Nb3 a6 29. a4 exd4+ 30. Nxd4 c5 31. Nf5+ Ke6 32. bxc5 bxc5 33. f4 Nf8 34. Rd1 Rd7 35. Rxd7 Kxd7 36. Nxg7 Kc6 37. Nf5 Kb6 38. Nd6 Rc6 39. Nc4+ Ka7 40. Rd2 Ne6 41. Rd6 Rxd6 42. Nxd6 Kb6 43. Nc4+ Kc6 44. g4 Nd4 45. h4 Ne6 46. g5 fxg5 47. f5 Nd4 48. hxg5 hxg5 49. Ne5+ Kd6 50. Nf7+ Ke7 51. Nxg5 Kf6 52. Nf3 Nxf5+ 53. exf5 Kxf5 54. Kd3 Ke6 55. Kc4 Kd6 56. Nd2 Kc6 57. a5 Kd6 58. Nb3 Kc6 59. Nxc5 Kc7 60. Nxa6+ Kc8 61. Kb5 Kb7 62. Nc5+ Kb8 63. Kb6 Ka8 64. a6 Kb8 65. Ne6 1-0

[Event "Maastricht Limburg op-B 5th"]
[Site "Maastricht"]
[Date "2011.06.13"]
[Round "6"]
[White "Huebben, Dominik"]
[Black "Visser, Sebastiaan"]
[Result "1-0"]
[WhiteElo "1747"]
[BlackElo "1904"]
[PlyCount "77"]
[EventDate "2011.06.10"]
[EventType "swiss"]
[EventRounds "7"]
[EventCountry "NED"]
[SourceTitle "EXT 2012"]
[Source "ChessBase"]
[SourceDate "2011.11.24"]
[SourceVersion "1"]
[SourceVersionDate "2011.11.24"]
[SourceQuality "1"]

1. e4 c6 2. d4 d5 3. exd5 cxd5 4. Bd3 Nc6 5. c3 Nf6 6. Bf4 Bg4 7. Qb3 Qd7 8. h3 Bh5 9. Nd2 e6 10. Ngf3 a6 11. 0-0 Be7 12. Rfe1 0-0 13. Ne5 Qc8 14. a4 Na5 15. Qc2 Bg6 16. Nxg6 hxg6 17. Nf3 Nc4 18. Ne5 b5 19. axb5 axb5 20. Nxc4 bxc4 21. Be2 Qb7 22. Reb1 Rxa1 23. Rxa1 Ne4 24. f3 Nd6 25. Bd1 g5 26. Bg3 Nf5 27. Bf2 Rc8 28. g4 Nd6 29. Be3 Rb8 30. Bc1 Qc7 31. Qa4 Nb5 32. Kg2 e5 33. dxe5 Qxe5 34. Qc2 Bc5 35. Qe2 Qxe2+ 36. Bxe2 f6 37. f4 gxf4 38. Bxf4 Rb7 39. Bf3 1-0

[Event "Maastricht Limburg op-B 5th"]
[Site "Maastricht"]
[Date "2011.06.11"]
[Round "3"]
[White "Willen, Ronny"]
[Black "Huebben, Dominik"]
[Result "1/2-1/2"]
[WhiteElo "1851"]
[BlackElo "1747"]
[PlyCount "143"]
[EventDate "2011.06.10"]
[EventType "swiss"]
[EventRounds "7"]
[EventCountry "NED"]
[SourceTitle "EXT 2012"]
[Source "ChessBase"]
[SourceDate "2011.11.24"]
[SourceVersion "1"]
[SourceVersionDate "2011.11.24"]
[SourceQuality "1"]

1. d4 d5 2. c4 e6 3. Nc3 Nf6 4. cxd5 exd5 5. Bg5 Nbd7 6. Qc2 Be7 7. Nf3 c6 8. e3 0-0 9. Bd3 h6 10. Bh4 Nb6 11. 0-0 a5 12. Rfc1 Be6 13. Qe2 Bg4 14. h3 Bxf3 15. Qxf3 Re8 16. Bg3 Nc4 17. Qe2 Nd6 18. Be5 Nde4 19. f3 Nd6 20. e4 dxe4 21. fxe4 Nd7 22. Bg3 f6 23. Rf1 Nf7 24. Qf2 Bd6 25. Bxd6 Nxd6 26. Rae1 Qc7 27. Re3 c5 28. Rg3 Kh8 29. Nd5 Qc6 30. Nf4 cxd4 31. Ng6+ Kg8 32. Qxd4 Qc5 33. Qxc5 Nxc5 34. Bc2 Ndxe4 35. Re3 Kf7 36. Nf4 g5 37. Nd5 Re5 38. Nc3 Rae8 39. Nxe4 Nxe4 40. Rfe1 Nc5 41. Rxe5 Rxe5 42. Rc1 Ke6 43. a3 a4 44. Kf1 b6 45. Rd1 Ke7 46. Rd4 b5 47. Bd3 Ne6 48. Rb4 Nc7 49. b3 axb3 50. Rxb3 Kd6 51. Rc3 Rc5 52. Rb3 Kd5 53. Rb4 Rc3 54. Bxb5 Rxa3 55. Bd7 Kd6 56. Bg4 Nd5 57. Re4 f5 58. Bxf5 Ne3+ 59. Kf2 Nxf5 60. Rb4 Ra6 61. g4 Ne7 62. Kg3 Nd5 63. Rb3 Ke5 64. h4 Ra7 65. hxg5 hxg5 66. Kg2 Ra4 67. Rg3 Kf4 68. Rd3 Nf6 69. Rf3+ Kxg4 70. Rxf6 Ra2+ 71. Kg1 Kg3 72. Rf1 1/2-1/2

[Event "GER-ch Net qual3 U25"]
[Site "Playchess.com INT"]
[Date "2011.05.08"]
[Round "3"]
[White "Huebben, Dominik"]
[Black "Winterberg, Lukas"]
[Result "0-1"]
[WhiteElo "1739"]
[BlackElo "1890"]
[PlyCount "70"]
[EventDate "2011.05.08"]
[EventType "swiss (blitz)"]
[EventRounds "7"]
[EventCountry "GER"]
[SourceTitle "CBM 142 Extra"]
[Source "ChessBase"]
[SourceDate "2011.06.27"]
[SourceVersion "1"]
[SourceVersionDate "2011.06.27"]
[SourceQuality "1"]

1. e4 c5 2. c3 Nf6 3. e5 Nd5 4. d4 cxd4 5. cxd4 e6 6. Nc3 d6 7. f4 dxe5 8. fxe5 Nxc3 9. bxc3 Qh4+ 10. Ke2 Be7 11. Nf3 Qe4+ 12. Kf2 0-0 13. Bd3 Qc6 14. Qc2 h6 15. Rf1 Bd7 16. Be4 Qc7 17. Rb1 Bc6 18. Bd3 Rc8 19. Bd2 Nd7 20. Kg1 Nb6 21. h3 Bd5 22. Nh2 Bf8 23. Ng4 Nc4 24. Bc1 Na3 25. Bxa3 Bxa3 26. Bh7+ Kh8 27. Nxh6 gxh6 28. Rf6 Qxc3 29. Qf2 Rc7 30. Rxh6 Qxd4 31. Qxd4 Bc5 32. Kh2 Bxd4 33. Be4+ Kg7 34. Rh7+ Kg8 35. Bxd5 Kxh7 0-1

[Event "Dortmund Sparkassen op-B"]
[Site "Dortmund"]
[Date "2010.07.21"]
[Round "5"]
[White "Huebben, Dominik"]
[Black "Rohovoy, Dimitrij"]
[Result "0-1"]
[WhiteElo "1746"]
[BlackElo "1990"]
[PlyCount "76"]
[EventDate "2010.07.17"]
[EventType "swiss"]
[EventRounds "9"]
[EventCountry "GER"]
[SourceTitle "EXT 2014"]
[Source "ChessBase"]
[SourceDate "2013.11.20"]
[SourceVersion "1"]
[SourceVersionDate "2013.11.20"]
[SourceQuality "1"]

1. e4 c5 2. c3 d5 3. exd5 Qxd5 4. d4 Nf6 5. Nf3 e6 6. Bd3 Be7 7. 0-0 0-0 8. Qe2 Nc6 9. dxc5 Qxc5 10. Be3 Qa5 11. Nbd2 e5 12. Nb3 Qc7 13. Bc4 Bg4 14. Qc2 Bxf3 15. gxf3 e4 16. Nd2 exf3 17. Nxf3 Ng4 18. Qf5 Nxe3 19. fxe3 Qb6 20. Nd4 Bf6 21. Bd3 Rfe8 22. Qxh7+ Kf8 23. Qh8+ Ke7 24. Qh7 Rh8 25. Qe4+ Kf8 26. Rf2 Re8 27. Qf3 Ne5 28. Qf5 Nxd3 29. Qxd3 Rh5 30. Raf1 Rg5+ 31. Kh1 Kg8 32. Rg1 Bxd4 33. exd4 Qc6+ 34. Qf3 Rxg1+ 35. Kxg1 Re1+ 36. Kg2 Qg6+ 37. Qg3 Qe4+ 38. Kh3 Re3 0-1

[Event "Dortmund Sparkassen op-B"]
[Site "Dortmund"]
[Date "2010.07.18"]
[Round "2"]
[White "Heldt, Maximilian"]
[Black "Huebben, Dominik"]
[Result "1/2-1/2"]
[WhiteElo "1438"]
[BlackElo "1746"]
[PlyCount "130"]
[EventDate "2010.07.17"]
[EventType "swiss"]
[EventRounds "9"]
[EventCountry "GER"]
[SourceTitle "EXT 2014"]
[Source "ChessBase"]
[SourceDate "2013.11.20"]
[SourceVersion "1"]
[SourceVersionDate "2013.11.20"]
[SourceQuality "1"]

1. e4 Nf6 2. e5 Nd5 3. d4 d6 4. Bc4 Nb6 5. Qe2 Nxc4 6. Qxc4 Nc6 7. Nf3 d5 8. Qd3 g6 9. Nc3 Bg7 10. 0-0 0-0 11. h3 a6 12. Be3 f6 13. Bf4 fxe5 14. Bxe5 Nxe5 15. dxe5 c6 16. Ne2 Bf5 17. Qb3 Qc7 18. c4 dxc4 19. Qxc4+ Kh8 20. e6 Bxh3 21. Ng5 Bf5 22. Qh4 h6 23. Nd4 Kg8 24. Nf7 Bxd4 25. Nxh6+ Kg7 26. Nxf5+ gxf5 27. Qxd4+ Kg6 28. Rfd1 Rad8 29. Qh4 Rh8 30. Qg3+ Qxg3 31. fxg3 Kf6 32. Kf2 Kxe6 33. Kf3 Rd5 34. Kf4 Kf6 35. Rxd5 cxd5 36. Rd1 e6 37. Rd3 d4 38. Kf3 e5 39. Rb3 b5 40. Ra3 Ra8 41. g4 a5 42. gxf5 b4 43. Rd3 Kxf5 44. g4+ Kg5 45. Ke4 Re8 46. Rg3 Rd8 47. Rd3 Re8 48. Rg3 Kh4 49. Rg1 Rd8 50. Kxe5 d3 51. Ke4 d2 52. Rd1 Kxg4 53. Ke3 Re8+ 54. Kxd2 Rc8 55. Rc1 Rd8+ 56. Kc2 Rd5 57. Rd1 Rf5 58. Kb3 Rc5 59. Rd2 Kf4 60. Rc2 Rd5 61. Ka4 Ke4 62. Rh2 Kd3 63. b3 Kc3 64. Rf2 Re5 65. Rf3+ Kb2 1/2-1/2

[Event "Maastricht Limburg op-C 4th"]
[Site "Maastricht"]
[Date "2010.05.24"]
[Round "6"]
[White "Mathee, Jochen"]
[Black "Huebben, Dominik"]
[Result "1/2-1/2"]
[WhiteElo "1611"]
[BlackElo "1746"]
[PlyCount "117"]
[EventDate "2010.05.21"]
[EventType "swiss"]
[EventRounds "7"]
[EventCountry "NED"]
[SourceTitle "EXT 2011"]
[Source "ChessBase"]
[SourceDate "2010.11.26"]
[SourceVersion "1"]
[SourceVersionDate "2010.11.26"]
[SourceQuality "1"]

1. d4 e5 2. dxe5 Nc6 3. Nf3 Qe7 4. e4 Nxe5 5. Be2 Nf6 6. Nc3 d6 7. Bg5 Be6 8. Nxe5 dxe5 9. 0-0 c6 10. Qd2 Qc7 11. a3 Be7 12. Rad1 0-0 13. h3 b5 14. Bd3 Bc5 15. Bxf6 gxf6 16. b4 Be7 17. Qh6 Kh8 18. Ne2 Rg8 19. Ng3 Rg6 20. Qh5 Rag8 21. Kh2 a5 22. c3 c5 23. Rg1 cxb4 24. cxb4 axb4 25. axb4 Bxb4 26. Bxb5 Qb6 27. Qe2 Bc5 28. Rdf1 Bxf2 29. Rxf2 Rxg3 30. Rgf1 Re3 31. Qb2 Reg3 32. Qe2 Qc5 33. Bd3 Qa3 34. Rd1 Qf8 35. Qf1 Qh6 36. Be2 R8g6 37. Bd3 Qh4 38. Rdd2 Rh6 39. Rf3 Rxf3 40. Qxf3 Rg6 41. Qf2 Qxf2 42. Rxf2 Kg7 43. Be2 Kf8 44. g4 Ke7 45. Kg3 Rg8 46. Kh4 Rg5 47. Rf1 Rg6 48. Rb1 Kd6 49. Rc1 Bd7 50. Rd1+ Ke7 51. Bc4 Be6 52. Bb5 Rg8 53. Kh5 Rg6 54. Ra1 Bb3 55. Rc1 Be6 56. Rd1 Bb3 57. Rc1 Be6 58. Ra1 Kd6 59. Rd1+ 1/2-1/2